All NHL teams - Statistics

General Stats
  • This quiz has been taken 28 times
  • The average score is 30 of 32
Answer Stats
Location Answer % Correct
Boston Bruins
100%
Edmonton Oilers
100%
New York Rangers
100%
San Jose Sharks
100%
Dallas Stars
100%
Vancouver Canucks
96%
Washington Capitals
96%
New York Islanders
96%
Winnipeg Jets
96%
Los Angeles Kings
96%
Florida Panthers
96%
Ottawa Senators
96%
Minnesota Wild
96%
Colorado Avalanche
92%
Chicago Blackhawks
92%
St. Louis Blues
92%
Calgary Flames
92%
Philadelphia Flyers
92%
Tampa Bay Lightning
92%
Toronto Maple Leafs
92%
Pittsburgh Penguins
92%
Nashville Predators
92%
Buffalo Sabres
92%
Columbus Blue Jackets
88%
Montreal Canadiens
88%
Arizona Coyotes
88%
New Jersey Devils
88%
Anaheim Ducks
88%
Vegas Golden Knights
88%
Seattle Kraken
88%
Detroit Red Wings
88%
Carolina Hurricanes
83%
No matching quizzes found
Score Distribution
Percent of People with Each Score
Percentile by Number Answered
Your Score History
You have not taken this quiz